Bharatiya Vadyo main Parshva Tantriyo Evam Tarab ke Taro ka Udbhav Evam Vikas Ek Aadhyayan (Record no. 1123113)
[ view plain ]
| 000 -LEADER | |
|---|---|
| fixed length control field | 00789nam a2200241Ia 4500 |
| 003 - CONTROL NUMBER IDENTIFIER | |
| control field | OSt |
| 005 - DATE AND TIME OF LATEST TRANSACTION | |
| control field | 20221006170132.0 |
| 008 - FIXED-LENGTH DATA ELEMENTS--GENERAL INFORMATION | |
| fixed length control field | 221006b |||||||| |||| 00| 0 hin d |
| 037 ## - SOURCE OF ACQUISITION | |
| Terms of availability | Dissertations |
| 040 ## - CATALOGING SOURCE | |
| Original cataloging agency | FML |
| Transcribing agency | FML |
| Language of cataloging | hin |
| 041 ## - LANGUAGE CODE | |
| Source of code | hin |
| Language code of text/sound track or separate title | hin |
| 100 ## - MAIN ENTRY--PERSONAL NAME | |
| Personal name | Upreti Layottama Au. |
| 9 (RLIN) | 681151 |
| 110 ## - MAIN ENTRY--CORPORATE NAME | |
| Corporate name or jurisdiction name as entry element | University of Delhi. Faculty of Music and Fine Arts. Department of Music |
| 9 (RLIN) | 520437 |
| 245 #0 - TITLE STATEMENT | |
| Title | Bharatiya Vadyo main Parshva Tantriyo Evam Tarab ke Taro ka Udbhav Evam Vikas Ek Aadhyayan |
| 260 ## - PUBLICATION, DISTRIBUTION, ETC. | |
| Date of publication, distribution, etc. | 2013 |
| 300 ## - PHYSICAL DESCRIPTION | |
| Extent | p. |
| Dimensions | cm. |
| 700 ## - ADDED ENTRY--PERSONAL NAME | |
| Personal name | University of Delhi. Faculty of Music and Fine Arts. Department of Music |
| 9 (RLIN) | 520438 |
| 942 ## - ADDED ENTRY ELEMENTS (KOHA) | |
| Koha item type | Dissertations |
| Source of classification or shelving scheme | Colon Classification (CC) |
No items available.
